[Event "2nd GMA World Cup prel  #1"]
[Site "Belgrade YUG"]
[Date "1988.??.??"]
[Round "?"]
[White "Micic, Cedomir"]
[Black "Vukovic, Zdravko"]
[Result "0-1"]
[WhiteElo "2355"]
[BlackElo "2415"]
[EventDate "1988.12.??"]
[PlyCount "84"]

1.d4 d5 2.c4 e6 3.Nc3 Be7 4.cxd5 exd5 5.Bf4 c6 6.e3 Bd6 7.Bg3 Ne7 8.Bd3 
Bf5 9.Nf3 Bg6 10.Ne5 Nf5 11.Qf3 Bxe5 12.Bxf5 Bc7 13.e4 O-O 14.e5 Bxf5 15.
Qxf5 f6 16.f4 fxe5 17.Qe6+ Kh8 18.dxe5 Bb6 19.Rf1 Bd4 20.Rf3 Na6 21.O-O-O 
Nc5 22.Qg4 Bxc3 23.Rxc3 Ne4 24.Rcd3 a5 25.Bh4 Qe8 26.e6 h5 27.Qf3 g5 28.
Be1 Rxf4 29.Qe2 g4 30.Qe3 Rf6 31.e7 Qxe7 32.Bc3 Kh7 33.Bxf6 Qxf6 34.Qb6 
Rf8 35.Re3 Rf7 36.Qd4 Qxd4 37.Rxd4 Rf2 38.Ra3 Rxg2 39.Rxa5 Rxh2 40.Ra7 g3 
41.Rxb7+ Kg6 42.Rb8 g2 0-1

[Event "2nd GMA World Cup prel  #1"]
[Site "Belgrade YUG"]
[Date "1988.??.??"]
[Round "?"]
[White "Mikhalchishin, Adrian"]
[Black "Maric, Dragan"]
[Result "1-0"]
[WhiteElo "2480"]
[BlackElo "2370"]
[EventDate "1988.12.??"]
[PlyCount "79"]

1.Nf3 Nc6 2.d4 d5 3.Bg5 h6 4.Bh4 g5 5.Bg3 Bg7 6.e3 Bf5 7.c4 e6 8.Nc3 Nge7 
9.Be2 O-O 10.O-O Bg6 11.h3 a6 12.Rc1 Qd7 13.Bh2 f5 14.cxd5 exd5 15.Na4 b6 
16.b4 f4 17.Qb3 Be8 18.Nb2 Ra7 19.Nd3 Ng6 20.Rfe1 Kh8 21.Bf1 Qd8 22.a4 h5 
23.b5 Na5 24.Qd1 Nc4 25.exf4 gxf4 26.Nde5 Ngxe5 27.Nxe5 Nxe5 28.dxe5 axb5 
29.Bxb5 c5 30.Bxe8 Qxe8 31.Qxd5 Rxa4 32.e6 Ra7 33.Re4 f3 34.Rh4 Bh6 35.
Rxh5 Rh7 36.Re1 fxg2 37.e7 Rg8 38.Be5+ Bg7 39.Rxh7+ Kxh7 40.Qe4+ 1-0

[Event "2nd GMA World Cup prel  #1"]
[Site "Belgrade YUG"]
[Date "1988.??.??"]
[Round "?"]
[White "Mikhalchishin, Adrian"]
[Black "Razuvaev, Yury"]
[Result "0-1"]
[WhiteElo "2480"]
[BlackElo "2535"]
[EventDate "1988.12.??"]
[PlyCount "80"]

1.e4 c5 2.Nf3 e6 3.d4 cxd4 4.Nxd4 Nf6 5.Nc3 d6 6.Be3 a6 7.Be2 Be7 8.f4 O-O
9.O-O Qc7 10.a4 b6 11.Bf3 Bb7 12.Qe2 Nc6 13.Rad1 Nd7 14.Qc4 Qc8 15.Nxe6 
fxe6 16.Qxe6+ Rf7 17.e5 Nd8 18.Bxb7 Qxb7 19.Qg4 Nf8 20.exd6 Bf6 21.Nd5 Qc6
22.Bxb6 Qxd6 23.a5 Qc6 24.b3 Nb7 25.c4 Nxa5 26.c5 Qb5 27.Rfe1 Nc6 28.Nc7 
Rxc7 29.Bxc7 Qxc5+ 30.Kh1 Nd4 31.Be5 Bxe5 32.Rxe5 Qb6 33.Re7 Qf6 34.Rd7 
Nxd7 35.Qxd7 Rd8 36.Qc7 h6 37.h3 Kh7 38.b4 Rd6 39.Rf1 Rd8 40.f5 Rd6 0-1

[Event "2nd GMA World Cup prel  #1"]
[Site "Belgrade YUG"]
[Date "1988.??.??"]
[Round "?"]
[White "Miladinovic, Igor"]
[Black "Atanasijadis, Antimos"]
[Result "1/2-1/2"]
[WhiteElo "2380"]
[BlackElo "2260"]
[EventDate "1988.12.??"]
[PlyCount "56"]

1.d4 d5 2.c4 e6 3.Nc3 c6 4.cxd5 exd5 5.Nf3 Nf6 6.Bg5 Be7 7.e3 O-O 8.Qc2 
Nbd7 9.Bd3 Re8 10.O-O Nf8 11.Rab1 Ne4 12.Bf4 f5 13.b4 a6 14.a4 Ng6 15.Bg3 
Bf6 16.b5 axb5 17.axb5 h5 18.bxc6 bxc6 19.Na4 h4 20.Qxc6 Rxa4 21.Bc7 Qd7 
22.Bb5 Qxc6 23.Bxc6 Re7 24.Bd8 Raa7 25.Rb8 Nd6 26.Bxd5+ Kh7 27.Bxe7 Nxe7 
28.Ra8 Rc7 1/2-1/2

[Event "2nd GMA World Cup prel  #1"]
[Site "Belgrade YUG"]
[Date "1988.??.??"]
[Round "?"]
[White "Miladinovic, Igor"]
[Black "Ivanka-Budinszky, Maria"]
[Result "1-0"]
[WhiteElo "2380"]
[BlackElo "2310"]
[EventDate "1988.12.??"]
[PlyCount "89"]

1.d4 Nf6 2.Nf3 e6 3.c4 c5 4.d5 exd5 5.cxd5 d6 6.g3 g6 7.Bg2 Bg7 8.O-O b5 
9.Qb3 O-O 10.Qxb5 Ba6 11.Qa4 Bxe2 12.Re1 Ba6 13.Nc3 Bb7 14.Bf4 Nbd7 15.Qb3
Nb6 16.Nd2 Nh5 17.Be3 Qd7 18.a4 Rab8 19.a5 Na8 20.Qa4 Qxa4 21.Rxa4 Ba6 22.
Ra2 f5 23.Bf1 Bxf1 24.Kxf1 f4 25.gxf4 Nxf4 26.Bxf4 Rxf4 27.Re7 Rf7 28.Re6 
Be5 29.Nc4 Bxh2 30.Nxd6 Bxd6 31.Rxd6 Rb4 32.Rc6 Rc7 33.Ra6 Rd7 34.d6 Rd4 
35.Nb5 Rd2 36.Ke1 Rd5 37.b3 Rb7 38.Nxa7 Kg7 39.Rd2 Re5+ 40.Kd1 Re8 41.Nc6 
Rd7 42.Ra7 Rd8 43.Rxd7+ Rxd7 44.Ne5 Rd8 45.d7 1-0

[Event "2nd GMA World Cup prel  #1"]
[Site "Belgrade YUG"]
[Date "1988.??.??"]
[Round "?"]
[White "Miladinovic, Igor"]
[Black "Okhotnik, Vladimir"]
[Result "0-1"]
[WhiteElo "2380"]
[BlackElo "2445"]
[EventDate "1988.12.??"]
[PlyCount "110"]

1.d4 d6 2.e4 Nf6 3.Nc3 g6 4.Nf3 Bg7 5.h3 O-O 6.Be3 a6 7.a4 b6 8.Bd3 Nc6 9.
O-O e6 10.Qd2 Nb4 11.Bh6 Nxd3 12.Bxg7 Kxg7 13.Qxd3 Bb7 14.Nd2 c5 15.d5 
exd5 16.exd5 Rb8 17.Nc4 Bc8 18.Qg3 Bf5 19.Nxd6 Bxc2 20.Rfc1 Bb3 21.Ra3 c4 
22.Nf5+ Kg8 23.Nd4 Nh5 24.Qf3 Qf6 25.Qxf6 Nxf6 26.Nxb3 cxb3 27.Rxb3 Rfd8 
28.Rd1 Rd6 29.Rb4 Rc8 30.g4 h6 31.f4 Rc5 32.Rbd4 Rd8 33.R1d3 g5 34.fxg5 
hxg5 35.d6 Kg7 36.Kg2 Rc6 37.Kg3 Kg6 38.h4 gxh4+ 39.Kxh4 Nd7 40.Nd5 Rc2 
41.Ne7+ Kg7 42.b4 Ne5 43.Re3 f6 44.g5 Rg2 45.gxf6+ Kxf6 46.Kh3 Rg5 47.Nd5+
Ke6 48.Nc7+ Kd7 49.Nxa6 Rg1 50.Kh2 Rg4 51.Red3 Nxd3 52.Rxd3 Ra8 53.b5 Rh8+
54.Rh3 Rxh3+ 55.Kxh3 Rxa4 0-1

[Event "2nd GMA World Cup prel  #1"]
[Site "Belgrade YUG"]
[Date "1988.??.??"]
[Round "?"]
[White "Miladinovic, Igor"]
[Black "Todorovic, Jovan"]
[Result "1/2-1/2"]
[WhiteElo "2380"]
[BlackElo "2427"]
[EventDate "1988.12.??"]
[PlyCount "53"]

1.d4 Nf6 2.Nf3 g6 3.c4 Bg7 4.Nc3 d6 5.e4 O-O 6.Be2 e5 7.O-O Nc6 8.d5 Ne7 
9.Ne1 Nd7 10.Nd3 f5 11.f3 Nf6 12.Bd2 f4 13.g4 c5 14.Be1 g5 15.Bf2 h5 16.h3
Ng6 17.b4 b6 18.bxc5 bxc5 19.Qa4 hxg4 20.hxg4 Nxg4 21.fxg4 f3 22.Bd1 Nf4 
23.Nxf4 exf4 24.Bxf3 Bxc3 25.Rab1 Be5 26.Kg2 Bd7 27.Qd1 1/2-1/2

[Event "2nd GMA World Cup prel  #1"]
[Site "Belgrade YUG"]
[Date "1988.??.??"]
[Round "?"]
[White "Miljanic, Boro"]
[Black "Buljovcic, Ivan"]
[Result "1/2-1/2"]
[WhiteElo "2340"]
[BlackElo "2425"]
[EventDate "1988.12.??"]
[PlyCount "89"]

1.e4 c5 2.Nf3 d6 3.d4 cxd4 4.Nxd4 Nf6 5.Nc3 a6 6.f4 e6 7.Bd3 Qb6 8.Nb3 Nc6
9.Qf3 Qc7 10.Be3 b5 11.a4 b4 12.Ne2 Bb7 13.a5 Nd7 14.Ned4 Be7 15.O-O Bf6 
16.f5 Nde5 17.Qg3 Qe7 18.fxe6 fxe6 19.Qh3 Bc8 20.Rad1 Nxd4 21.Bxd4 O-O 22.
Nd2 Bd7 23.Bxe5 Bxe5 24.Nf3 Bf4 25.e5 g6 26.exd6 Bxd6 27.Rfe1 Bc7 28.Kh1 
Kg7 29.Bc4 Rae8 30.Qg4 Bc8 31.Ne5 Bxa5 32.Qd4 Kg8 33.Nc6 Qc7 34.Nxa5 Qxa5 
35.Re5 Qc7 36.Rde1 Qg7 37.Qe3 Kh8 38.h3 Re7 39.Qc5 Rc7 40.Qxb4 Re8 41.Bb3 
Qf6 42.Qa4 Rd8 43.Qa5 Rc6 44.Qb4 Rcd6 45.Qc3 1/2-1/2

[Event "2nd GMA World Cup prel  #1"]
[Site "Belgrade YUG"]
[Date "1988.??.??"]
[Round "?"]
[White "Miljanic, Boro"]
[Black "Kosanovic, Goran"]
[Result "0-1"]
[WhiteElo "2340"]
[BlackElo "2395"]
[EventDate "1988.12.??"]
[PlyCount "84"]

1.e4 c5 2.Nf3 d6 3.d4 cxd4 4.Nxd4 Nf6 5.Nc3 g6 6.Be3 Bg7 7.f3 Nc6 8.Qd2 
O-O 9.Bc4 Bd7 10.Bb3 Rc8 11.O-O-O Ne5 12.h4 h5 13.Bh6 Bxh6 14.Qxh6 Rxc3 
15.bxc3 Qa5 16.g4 Qxc3 17.Kb1 a5 18.gxh5 a4 19.hxg6 axb3 20.cxb3 fxg6 21.
h5 g5 22.Qxg5+ Kh7 23.Rh2 Rg8 24.Qf4 Nc6 25.Nf5 Bxf5 26.Qxf5+ Kh8 27.Rc2 
Qe3 28.Rxd6 Nd4 29.Rxd4 Qxd4 30.Rc8 Ne8 31.e5 Qd2 32.Rc2 Rg1+ 33.Kb2 Qd4+ 
34.Ka3 Rg8 35.Rc4 Qd5 36.Qf4 Qe6 37.h6 b5 38.Rc2 Qg6 39.Rh2 Nc7 40.h7 Ra8+
41.Kb2 Nd5 42.Qe4 Rxa2+ 0-1

[Event "2nd GMA World Cup prel  #1"]
[Site "Belgrade YUG"]
[Date "1988.??.??"]
[Round "?"]
[White "Miljanic, Boro"]
[Black "Shneider, Alexander"]
[Result "1/2-1/2"]
[WhiteElo "2340"]
[BlackElo "2465"]
[EventDate "1988.12.??"]
[PlyCount "132"]

1.e4 c5 2.Nf3 d6 3.d4 cxd4 4.Nxd4 Nf6 5.Nc3 a6 6.f4 e5 7.Nf3 Nbd7 8.a4 Be7
9.Bd3 O-O 10.O-O b6 11.Qe1 Bb7 12.Kh1 Re8 13.Bc4 Rf8 14.fxe5 Nxe5 15.Nxe5 
dxe5 16.Bg5 Nd7 17.Bxe7 Qxe7 18.Bd5 Nc5 19.Qg3 Bxd5 20.Nxd5 Qd6 21.Rf6 Ne6
22.Rh6 Rfd8 23.Rf1 Kh8 24.Rxh7+ Kxh7 25.Qh4+ Kg8 26.Ne7+ Qxe7 27.Qxe7 Rf8 
28.Qd6 Nc5 29.Qxe5 Nxa4 30.Rf4 Rae8 31.Qh5 Re6 32.b3 Nc5 33.Qf3 f6 34.b4 
Nb7 35.Rh4 Nd6 36.Qh5 Rfe8 37.Qd5 b5 38.h3 Nf7 39.Qb7 Rd8 40.Rg4 Ree8 41.
Qxa6 Re5 42.Qb7 Rd1+ 43.Kh2 Rd2 44.Qc8+ Kh7 45.c4 bxc4 46.Qxc4 Rd7 47.Qc6 
Ree7 48.b5 Ne5 49.Rh4+ Kg6 50.Qc8 Rd2 51.Qf5+ Kf7 52.Rh8 Ng6 53.Rh5 Ne5 
54.Rh7 Rb2 55.Qh5+ Ke6 56.Qf5+ Kf7 57.h4 Rxb5 58.Rh8 Ng6 59.Qxb5 Nxh8 60.
Qd5+ Kf8 61.Kg3 Nf7 62.Kf4 g5+ 63.hxg5 Nxg5 64.Kf5 Nxe4 65.Kg6 Rg7+ 66.Kf5
Re7 1/2-1/2

[Event "2nd GMA World Cup prel  #1"]
[Site "Belgrade YUG"]
[Date "1988.??.??"]
[Round "?"]
[White "Miljanic, Boro"]
[Black "Spiridonov, Nikola"]
[Result "1/2-1/2"]
[WhiteElo "2340"]
[BlackElo "2420"]
[EventDate "1988.12.??"]
[PlyCount "65"]

1.e4 c6 2.c4 e5 3.Nf3 d6 4.d4 Nd7 5.Bd3 Ngf6 6.O-O g6 7.Nc3 Bg7 8.d5 O-O 
9.dxc6 bxc6 10.Bc2 Nc5 11.b4 Ne6 12.Rb1 Nd4 13.Nxd4 exd4 14.Na4 Ng4 15.Bb2
c5 16.h3 Ne5 17.bxc5 dxc5 18.Nxc5 Nxc4 19.Bc1 Qe7 20.Nb3 Rd8 21.Bd3 Be6 
22.Re1 Rac8 23.Bf4 Ne5 24.Qd2 Nxd3 25.Qxd3 Qa3 26.Qd2 d3 27.Rec1 Rxc1+ 28.
Rxc1 Bxb3 29.axb3 Qxb3 30.Bg5 Re8 31.Rd1 h6 32.Be3 Rxe4 33.Qxd3 1/2-1/2

[Event "2nd GMA World Cup prel  #1"]
[Site "Belgrade YUG"]
[Date "1988.??.??"]
[Round "?"]
[White "Mirkovic, Slobodan"]
[Black "Dizdarevic, Emir"]
[Result "1/2-1/2"]
[WhiteElo "2395"]
[BlackElo "2495"]
[EventDate "1988.12.??"]
[PlyCount "45"]

1.d4 Nf6 2.c4 e6 3.Nf3 b6 4.g3 Ba6 5.b3 Bb7 6.Bg2 Bb4+ 7.Bd2 c5 8.O-O O-O 
9.dxc5 Bxc5 10.Nc3 Be7 11.Bf4 Na6 12.Bd6 Nc5 13.Qd4 Bxd6 14.Qxd6 Nce4 15.
Nxe4 Nxe4 16.Qd4 d5 17.Rfd1 dxc4 18.Qxc4 Qe7 19.Ne5 Rac8 20.Nc6 Rxc6 21.
Qxe4 Rc7 22.Qd3 Bxg2 23.Kxg2 1/2-1/2

[Event "2nd GMA World Cup prel  #1"]
[Site "Belgrade YUG"]
[Date "1988.??.??"]
[Round "?"]
[White "Mirkovic, Slobodan"]
[Black "Tseshkovsky, Vitaly"]
[Result "1/2-1/2"]
[WhiteElo "2395"]
[BlackElo "2505"]
[EventDate "1988.12.??"]
[PlyCount "115"]

1.d4 f5 2.Nf3 Nf6 3.g3 e6 4.Bg2 d5 5.O-O c6 6.c4 Bd6 7.b3 Qe7 8.Nc3 O-O 9.
Bf4 Bxf4 10.gxf4 Ne4 11.Qc2 Bd7 12.e3 Be8 13.Ne5 Bh5 14.f3 Nxc3 15.Qxc3 
Nd7 16.c5 Nxe5 17.dxe5 g5 18.fxg5 Qxg5 19.f4 Qh6 20.Bf3 Kh8 21.Bxh5 Rg8+ 
22.Kh1 Qxh5 23.Qd2 Rg4 24.Qf2 Rag8 25.Rg1 b6 26.b4 bxc5 27.bxc5 Qh6 28.
Rad1 Qf8 29.Qc2 Qg7 30.Qf2 Qe7 31.Qc2 Qh4 32.Qe2 Qh3 33.Qf2 h5 34.Rxg4 
hxg4 35.Rb1 g3 36.Qg2 Qh5 37.Rg1 Rg7 38.a4 a5 39.Rb1 Kh7 40.Rg1 Rg6 41.Rf1
Kg7 42.h3 Qh4 43.Rf3 Kh7 44.Kg1 Rg8 45.Kh1 Rg7 46.Kg1 d4 47.exd4 Rd7 48.d5
exd5 49.Rxg3 Qxf4 50.Rg5 Qe3+ 51.Kf1 Qc1+ 52.Ke2 Qc2+ 53.Kf3 Qe4+ 54.Kf2 
Qxg2+ 55.Kxg2 d4 56.Kf2 Rd5 57.Rxf5 Rxc5 58.Ke2 1/2-1/2

[Event "2nd GMA World Cup prel  #1"]
[Site "Belgrade YUG"]
[Date "1988.??.??"]
[Round "?"]
[White "Mirkovic, Slobodan"]
[Black "Zaichik, Gennadi"]
[Result "1/2-1/2"]
[WhiteElo "2395"]
[BlackElo "2510"]
[EventDate "1988.12.??"]
[PlyCount "81"]

1.d4 d6 2.Nf3 g6 3.c4 Bg7 4.Nc3 Nf6 5.e4 O-O 6.Be2 c5 7.d5 e6 8.dxe6 Bxe6 
9.O-O Nc6 10.Bg5 Re8 11.Nd5 Bxd5 12.exd5 Ne5 13.Nxe5 Rxe5 14.Bh4 Re4 15.f4
Qb6 16.Bd3 Rd4 17.Bxf6 Bxf6 18.Qe2 Qb4 19.Rac1 Kf8 20.Rce1 b5 21.b3 bxc4 
22.bxc4 Qa4 23.Rf3 Rb8 24.f5 g5 25.Rh3 Re8 26.Qxe8+ Qxe8 27.Rxe8+ Kxe8 28.
Kf1 g4 29.Re3+ Kd7 30.Ke2 Be5 31.h3 h5 32.Re4 Rxe4+ 33.Bxe4 Ke7 34.hxg4 
hxg4 35.Ke3 Kf6 36.Bc2 Kg5 37.Ke4 Kh4 38.Bd1 f6 39.Be2 Kg3 40.Bd1 Bb2 41.
Be2 1/2-1/2

[Event "2nd GMA World Cup prel  #1"]
[Site "Belgrade YUG"]
[Date "1988.??.??"]
[Round "?"]
[White "Mohr, Georg"]
[Black "Petursson, Margeir"]
[Result "0-1"]
[WhiteElo "2460"]
[BlackElo "2530"]
[EventDate "1988.12.??"]
[PlyCount "104"]

1.d4 Nf6 2.Nf3 d5 3.Bg5 Ne4 4.Bf4 e6 5.e3 Bd6 6.Nbd2 Bxf4 7.exf4 c5 8.c3 
Nc6 9.Ne5 Nxd2 10.Qxd2 Qb6 11.dxc5 Qxc5 12.Bd3 Nxe5 13.fxe5 Bd7 14.Qg5 O-O
15.Qh4 h6 16.Qd4 b6 17.O-O a6 18.Rfe1 Bb5 19.Bc2 Qxd4 20.cxd4 Rfc8 21.Bb3 
Bc4 22.Rec1 b5 23.f4 a5 24.Kf2 a4 25.Bd1 b4 26.Ke3 g5 27.fxg5 hxg5 28.b3 
axb3 29.Bxb3 Bxb3 30.axb3 Rxc1 31.Rxa8+ Kg7 32.Rb8 Rc3+ 33.Kd2 Rxb3 34.Kc2
Rc3+ 35.Kd2 Rc4 36.Kd3 Kg6 37.g4 Rc3+ 38.Kd2 Rc4 39.Kd3 Kg7 40.Rb7 Rc3+ 
41.Kd2 Rb3 42.Ke2 Rb2+ 43.Kf3 b3 44.Kg3 Rb1 45.h3 b2 46.Kg2 Rd1 47.Rxb2 
Rxd4 48.Re2 f6 49.exf6+ Kxf6 50.Rf2+ Rf4 51.Rxf4+ gxf4 52.Kf3 e5 0-1

[Event "2nd GMA World Cup prel  #1"]
[Site "Belgrade YUG"]
[Date "1988.??.??"]
[Round "?"]
[White "Mohr, Georg"]
[Black "Rantanen, Yrjo"]
[Result "1-0"]
[WhiteElo "2460"]
[BlackElo "2370"]
[EventDate "1988.12.??"]
[PlyCount "73"]

1.d4 d5 2.Nf3 Nf6 3.Bg5 Ne4 4.Bf4 c5 5.e3 Nc6 6.c3 e6 7.Bd3 g5 8.Bxe4 gxf4
9.Bc2 fxe3 10.fxe3 Qf6 11.Qe2 Qh6 12.Nbd2 cxd4 13.exd4 Bd6 14.O-O-O Bd7 
15.Rdf1 Qg7 16.g4 O-O-O 17.g5 Rhe8 18.Rhg1 e5 19.dxe5 Nxe5 20.Nxe5 Bxe5 
21.Qf2 d4 22.Nc4 Be6 23.Bf5 Bb8 24.Rd1 Rd7 25.Rg4 dxc3 26.Qc5+ Kd8 27.
Rxd7+ Bxd7 28.Bxd7 cxb2+ 29.Nxb2 Re1+ 30.Kd2 Qxb2+ 31.Kxe1 Be5 32.Bf5 Bc3+
33.Kf1 Qd2 34.Qf8+ Kc7 35.Rc4+ Kb6 36.Qc5+ Ka6 37.Ra4+ 1-0

[Event "2nd GMA World Cup prel  #1"]
[Site "Belgrade YUG"]
[Date "1988.??.??"]
[Round "?"]
[White "Mohr, Georg"]
[Black "Vucicevic, Moma"]
[Result "0-1"]
[WhiteElo "2460"]
[BlackElo "2370"]
[EventDate "1988.12.??"]
[PlyCount "94"]

1.d4 Nf6 2.Nf3 d5 3.e3 g6 4.c4 Bg7 5.Nc3 O-O 6.Qb3 e6 7.cxd5 exd5 8.Be2 b6
9.Ne5 Be6 10.O-O c6 11.Qa4 Qd6 12.b4 b5 13.Qb3 Nbd7 14.Nd3 Nb6 15.Nc5 Rfe8
16.a4 a6 17.Qd1 Bf5 18.Ra2 h5 19.a5 Nc4 20.Bxc4 bxc4 21.f3 Ra7 22.Re1 Bh6 
23.e4 Bxc1 24.e5 Qb8 25.Qxc1 Nd7 26.Rb2 Qd8 27.N3a4 Qh4 28.Qe3 Nf8 29.f4 
Bc8 30.Nb6 Ne6 31.Nxc8 Rxc8 32.Nxe6 fxe6 33.Qg3 Qxg3 34.hxg3 Rb7 35.Kf2 c5
36.dxc5 Rxc5 37.Ke3 Rxa5 38.Kd4 Rab5 39.Ra1 a5 40.Ra4 Rxb4 41.Rba2 Rxa4 
42.Rxa4 Rb4 43.Ra3 Kf7 44.g4 hxg4 45.Rg3 Rb3 46.Rxg4 Rd3+ 47.Kc5 c3 0-1

[Event "2nd GMA World Cup prel  #1"]
[Site "Belgrade YUG"]
[Date "1988.??.??"]
[Round "?"]
[White "Mokry, Karel"]
[Black "Bjelajac, Milan"]
[Result "1/2-1/2"]
[WhiteElo "2495"]
[BlackElo "2370"]
[EventDate "1988.12.??"]
[PlyCount "21"]

1.e4 e6 2.d4 d5 3.Nc3 Nc6 4.Nf3 Nf6 5.e5 Ne4 6.Bd3 Bb4 7.Bd2 Bxc3 8.bxc3 
Nxd2 9.Qxd2 Na5 10.O-O b6 11.Qe3 1/2-1/2

[Event "2nd GMA World Cup prel  #1"]
[Site "Belgrade YUG"]
[Date "1988.??.??"]
[Round "?"]
[White "Mokry, Karel"]
[Black "Legky, Nikolai"]
[Result "1-0"]
[WhiteElo "2495"]
[BlackElo "2380"]
[EventDate "1988.12.??"]
[PlyCount "82"]

1.e4 e6 2.d4 d5 3.Nc3 Bb4 4.exd5 exd5 5.Bd3 Nc6 6.a3 Bxc3+ 7.bxc3 Be6 8.
Rb1 Qe7 9.Ne2 O-O-O 10.O-O Nf6 11.Bg5 h6 12.Bxf6 Qxf6 13.Qc1 Rd6 14.Re1 g5
15.f4 Bd7 16.Rf1 g4 17.f5 h5 18.Qf4 Nb8 19.c4 dxc4 20.Bxc4 Bc6 21.Bd3 Nd7 
22.c3 Re8 23.Ng3 Qh6 24.Rbe1 Rf8 25.Qxh6 Rxh6 26.Ne4 Bxe4 27.Rxe4 Rd6 28.
Bc4 Nf6 29.Re7 Rc6 30.Rxf7 Rxf7 31.Bxf7 Rxc3 32.Re1 h4 33.Re6 g3 34.hxg3 
hxg3 35.Kf1 Ng4 36.Ke2 Kd7 37.Be8+ Kd8 38.Bh5 Nh2 39.f6 Rc2+ 40.Kd3 Rxg2 
41.f7 Rf2 1-0

[Event "2nd GMA World Cup prel  #1"]
[Site "Belgrade YUG"]
[Date "1988.??.??"]
[Round "?"]
[White "Morovic Fernandez, Ivan"]
[Black "Samovojska, Damir"]
[Result "1-0"]
[WhiteElo "2545"]
[BlackElo "2365"]
[EventDate "1988.12.??"]
[PlyCount "127"]

1.c4 Nf6 2.Nc3 e6 3.Nf3 d5 4.d4 Nbd7 5.Bg5 c6 6.cxd5 exd5 7.e3 Be7 8.Bd3 
O-O 9.Qc2 a5 10.O-O Re8 11.Rae1 Nf8 12.Ne5 N6d7 13.Bxe7 Qxe7 14.f4 Qd6 15.
Qf2 b5 16.e4 b4 17.exd5 Nf6 18.Na4 cxd5 19.Nc5 Ne6 20.Rc1 Nxc5 21.dxc5 Qc7
22.Qd4 Ba6 23.Bxa6 Rxa6 24.c6 Raa8 25.Rfd1 h5 26.h3 Re7 27.Rc5 Rb8 28.Rd3 
h4 29.Rd1 a4 30.Kh2 a3 31.b3 Re6 32.Kg1 Ree8 33.Rd3 Re6 34.Re3 Ree8 35.Kf1
Re6 36.Ke1 Re7 37.Kf1 Re6 38.Kg1 Re7 39.Nd7 Rxe3 40.Nxf6+ gxf6 41.Qxe3 Qd6
42.Qd4 Rc8 43.Kh2 Rxc6 44.Rxd5 Qe7 45.Qf2 Kf8 46.Qxh4 Qc7 47.Rb5 Rb6 48.
Ra5 Re6 49.Ra8+ Ke7 50.Qf2 Qb6 51.Qh4 Qd4 52.Qh6 Kd7 53.Rf8 Re7 54.Qh4 f5 
55.Qg5 Qd5 56.Qg8 Ke6 57.Rc8 Rd7 58.Rc4 Qd2 59.Qe8+ Kf6 60.Qe5+ Kg6 61.
Rc6+ Kh7 62.Qxf5+ Kg7 63.Qg5+ Kf8 64.Rc8+ 1-0

[Event "2nd GMA World Cup prel  #1"]
[Site "Belgrade YUG"]
[Date "1988.??.??"]
[Round "?"]
[White "Morovic Fernandez, Ivan"]
[Black "Todorovic, Jovan"]
[Result "1-0"]
[WhiteElo "2545"]
[BlackElo "2427"]
[EventDate "1988.12.??"]
[PlyCount "71"]

1.c4 e5 2.Nc3 Nc6 3.e3 g6 4.d4 d6 5.Nf3 Bg7 6.d5 Nce7 7.e4 Nf6 8.c5 O-O 9.
cxd6 cxd6 10.Qb3 h6 11.Nd2 Ne8 12.Nc4 f5 13.Bd3 Kh8 14.f3 Nf6 15.Qa3 fxe4 
16.fxe4 Ng4 17.Be2 b5 18.Nxd6 Qb6 19.Nd1 Bd7 20.Bxg4 Bxg4 21.Be3 Qb8 22.
Bc5 Rf4 23.Nf2 b4 24.Qxb4 Qxb4+ 25.Bxb4 Nxd5 26.Bd2 Rxf2 27.Kxf2 Nf4 28.
Bxf4 exf4 29.e5 Rb8 30.b3 Kh7 31.Rhe1 Rb4 32.Rac1 Rd4 33.Rc7 Rd2+ 34.Kf1 
Kg8 35.Ne8 Bf8 36.Nf6+ 1-0

[Event "2nd GMA World Cup prel  #1"]
[Site "Belgrade YUG"]
[Date "1988.??.??"]
[Round "?"]
[White "Moskalenko, Viktor"]
[Black "Ftacnik, Lubomir"]
[Result "1/2-1/2"]
[WhiteElo "2475"]
[BlackElo "2590"]
[EventDate "1988.12.??"]
[PlyCount "61"]

1.d4 Nf6 2.c4 g6 3.Nc3 d5 4.cxd5 Nxd5 5.Bd2 Bg7 6.e4 Nb6 7.Be3 O-O 8.f4 
Nc6 9.d5 Na5 10.Bd4 e5 11.Bxe5 Bxe5 12.fxe5 Qh4+ 13.g3 Qe7 14.Qd4 Rd8 15.
b4 Nac4 16.Bxc4 Qxb4 17.Ne2 Qxc4 18.O-O Qxd4+ 19.Nxd4 c6 20.e6 fxe6 21.
Nxe6 Bxe6 22.dxe6 Rd3 23.Rac1 Rf8 24.a4 Rd6 25.Rxf8+ Kxf8 26.Rb1 Rxe6 27.
a5 Nc4 28.Rxb7 Nxa5 29.Rxa7 Nc4 30.Rxh7 Nd2 31.Rc7 1/2-1/2

[Event "2nd GMA World Cup prel  #1"]
[Site "Belgrade YUG"]
[Date "1988.??.??"]
[Round "?"]
[White "Moskalenko, Viktor"]
[Black "Rogulj, Branko"]
[Result "1-0"]
[WhiteElo "2475"]
[BlackElo "2355"]
[EventDate "1988.12.??"]
[PlyCount "63"]

1.d4 Nf6 2.c4 g6 3.Nc3 d5 4.cxd5 Nxd5 5.Bd2 Bg7 6.e4 Nb6 7.Be3 O-O 8.f4 a5
9.h4 a4 10.Rc1 Nc6 11.d5 Na5 12.Bd4 Bxd4 13.Qxd4 e6 14.Nf3 exd5 15.exd5 
Bg4 16.Be2 Bxf3 17.Bxf3 Nc6 18.Qd1 Re8+ 19.Kf2 Ne7 20.h5 Nf5 21.Be4 Nd6 
22.hxg6 hxg6 23.Qxa4 f6 24.Bxg6 Re7 25.f5 Qf8 26.Rh3 Nd7 27.Rch1 Qg7 28.
Qh4 Nf8 29.Qh8+ Qxh8 30.Rxh8+ Kg7 31.R1h7+ Nxh7 32.Rxh7+ 1-0

[Event "2nd GMA World Cup prel  #1"]
[Site "Belgrade YUG"]
[Date "1988.??.??"]
[Round "?"]
[White "Moskalenko, Viktor"]
[Black "Zakic, Srdan"]
[Result "1/2-1/2"]
[WhiteElo "2475"]
[BlackElo "2360"]
[EventDate "1988.12.??"]
[PlyCount "115"]

1.d4 Nf6 2.c4 g6 3.Nc3 d5 4.cxd5 Nxd5 5.Bd2 Bg7 6.e4 Nb6 7.Be3 O-O 8.f4 
Nc6 9.d5 Na5 10.Bd4 e5 11.Bxe5 Bxe5 12.fxe5 Qh4+ 13.g3 Qe7 14.Qd4 Rd8 15.
b4 Nac4 16.Nf3 Bg4 17.Bxc4 Bxf3 18.O-O Qxb4 19.Rxf3 Qxc4 20.Qe3 Nd7 21.Qf4
Qd4+ 22.Kh1 Rf8 23.Rb1 a6 24.Ne2 Qc4 25.Rb2 Rae8 26.Rc3 Qa4 27.Rxc7 Nxe5 
28.Rbxb7 Qxa2 29.Ng1 Qa1 30.Re7 Qd4 31.Rxe8 Rxe8 32.Kg2 a5 33.Nf3 Qd1 34.
Nxe5 Qe2+ 35.Kh3 Qh5+ 36.Kg2 Qe2+ 37.Qf2 Qxe4+ 38.Nf3 Qxd5 39.Rc7 a4 40.h4
a3 41.Rc5 Qa8 42.Rc2 Rc8 43.Rd2 Rc3 44.Qe2 h5 45.Qd1 Qe4 46.Rf2 Rd3 47.Qa1
Qd5 48.Qb1 Kh7 49.Qc2 Rb3 50.Qa2 Qb7 51.Qa1 Kg8 52.Qa2 Kg7 53.Qd2 Kh7 54.
Qa5 f6 55.Qa4 Kg7 56.Qa5 Kh7 57.Qa4 Kg7 58.Qa5 1/2-1/2

[Event "2nd GMA World Cup prel  #1"]
[Site "Belgrade YUG"]
[Date "1988.??.??"]
[Round "?"]
[White "Murey, Jacob"]
[Black "Bagirov, Vladimir"]
[Result "1-0"]
[WhiteElo "2545"]
[BlackElo "2465"]
[EventDate "1988.12.??"]
[PlyCount "65"]

1.e4 Nf6 2.e5 Nd5 3.d4 d6 4.c4 Nb6 5.f4 dxe5 6.fxe5 Nc6 7.Be3 Bf5 8.Nc3 e6
9.Nf3 Bg4 10.Be2 Bxf3 11.gxf3 Qh4+ 12.Bf2 Qf4 13.Qc1 Qxc1+ 14.Rxc1 O-O-O 
15.c5 Nd7 16.f4 Ne7 17.Bf3 Nb8 18.O-O Nbc6 19.Rfd1 Nb4 20.Bh4 h6 21.a3 
Nbc6 22.d5 exd5 23.Bxe7 Bxe7 24.Nxd5 Rhe8 25.b4 Bh4 26.b5 Ne7 27.Ne3 Ng6 
28.Nf5 Be7 29.Nd6+ Kb8 30.Nxe8 Rxe8 31.Rc4 b6 32.cxb6 axb6 33.Ra4 1-0

[Event "2nd GMA World Cup prel  #1"]
[Site "Belgrade YUG"]
[Date "1988.??.??"]
[Round "?"]
[White "Murey, Jacob"]
[Black "Strikovic, Aleksa"]
[Result "1-0"]
[WhiteElo "2545"]
[BlackElo "2460"]
[EventDate "1988.12.??"]
[PlyCount "51"]

1.d4 Nf6 2.c4 g6 3.Nc3 Bg7 4.e4 d6 5.f3 O-O 6.Be3 Nbd7 7.Qd2 c5 8.Nge2 a6 
9.Bh6 Qa5 10.h4 b5 11.h5 bxc4 12.hxg6 fxg6 13.Bxg7 Kxg7 14.Qh6+ Kf7 15.
O-O-O cxd4 16.Nxd4 Nb6 17.g4 Ke8 18.g5 Nh5 19.Rxh5 gxh5 20.Qxh5+ Kd7 21.
Ne6 Bb7 22.Bh3 Kc6 23.f4 Rfe8 24.e5 Bc8 25.Bg2+ Kd7 26.Qxh7 1-0

[Event "2nd GMA World Cup prel  #1"]
[Site "Belgrade YUG"]
[Date "1988.??.??"]
[Round "?"]
[White "Murey, Jacob"]
[Black "Vujovic, Predrag"]
[Result "1-0"]
[WhiteElo "2545"]
[BlackElo "2300"]
[EventDate "1988.12.??"]
[PlyCount "84"]

1.c4 e6 2.g3 d5 3.Bg2 Nf6 4.Nf3 c6 5.d4 Bb4+ 6.Bd2 Qa5 7.O-O Bxd2 8.Nbxd2 
Nbd7 9.Qc2 O-O 10.Rfe1 Rd8 11.a3 Qc7 12.Rac1 a5 13.e4 dxe4 14.Nxe4 Nxe4 
15.Rxe4 b6 16.Rf4 h6 17.Re1 Bb7 18.h4 Re8 19.Rd1 Rad8 20.c5 bxc5 21.dxc5 
Nf6 22.Rfd4 Rd5 23.Rxd5 exd5 24.Nd4 Bc8 25.Qc3 Bd7 26.Re1 Rb8 27.b3 Kf8 
28.Bf3 Ra8 29.Kg2 Rb8 30.Re2 Qa7 31.Re5 Re8 32.Rxe8+ Kxe8 33.b4 axb4 34.
axb4 Qc7 35.b5 cxb5 36.c6 Be6 37.Qc5 Qe7 38.Qxb5 Qc7 39.Qc5 Qe7 40.Qb6 Qd6
41.Nb5 Qd8 42.c7 Qd7 1-0

[Event "2nd GMA World Cup prel  #1"]
[Site "Belgrade YUG"]
[Date "1988.??.??"]
[Round "?"]
[White "Naumkin, Igor"]
[Black "Ftacnik, Lubomir"]
[Result "1-0"]
[WhiteElo "2440"]
[BlackElo "2590"]
[EventDate "1988.12.??"]
[PlyCount "85"]

1.d4 Nf6 2.c4 g6 3.Nc3 d5 4.cxd5 Nxd5 5.e4 Nxc3 6.bxc3 Bg7 7.Bc4 c5 8.Ne2 
O-O 9.O-O Nc6 10.Be3 Bg4 11.f3 Bd7 12.Rc1 Rc8 13.d5 Na5 14.Bd3 e5 15.f4 
exf4 16.Bxf4 Qe7 17.Qd2 b5 18.Qe3 Be5 19.Qg3 f6 20.Rf3 Nb7 21.Rcf1 Nd6 22.
h3 Nf7 23.Qf2 a5 24.Bc2 Kg7 25.Kh1 b4 26.cxb4 axb4 27.a3 Bb5 28.axb4 cxb4 
29.Bd3 Bxd3 30.Rxd3 Rc2 31.Qe3 Nd6 32.Bh6+ Kg8 33.Bxf8 Kxf8 34.Nd4 Rc4 35.
Re1 Bxd4 36.Rxd4 Nf5 37.Rxc4 Nxe3 38.Rxe3 Qa7 39.Re1 b3 40.d6 Qa5 41.Rd1 
b2 42.Rc8+ Kf7 43.d7 1-0